| 000 | 00460nab a2200145Ia 4500 | ||
|---|---|---|---|
| 003 | ES-SlBCS | ||
| 005 | 20210601124324.0 | ||
| 008 | 140529s1992 xxu||||| |||| 00| 0 eng d | ||
| 041 | _aeng | ||
| 100 | 1 |
_aKaplan, Andrew _9139702 |
|
| 245 | 0 | 4 |
_aThe Same and the Different: Pluralism and the Theory of Women's Studies _c Andrew Kaplan |
| 650 | 0 | 4 |
_aPluralismo _9129250 |
| 773 | 0 |
_tEducational Theory _gvol. 42, nº. 3, 1992, págs. 299-314 _wRev1399 |
|
| 942 | _cAR | ||
| 999 |
_c512908 _d512908 |
||